The quest and occupation of Tahiti by emissaires of Spain during the years 1772-1776. Told in despatches and other contemporary documents: Translated into english and compiled, with notes and an Introduction by Bolton Glanvill Corney. Volume I {Volume II, Volume III}

Gorde:
Xehetasun bibliografikoak
Egile nagusia: Corney, Bolton Glanvill (Egilea)
Formatua: Liburua
Hizkuntza:ingelesa
Argitaratua: Londres Hakluyt Society 1913
Edizioa:1a. ed
Saila:Hakluyt Society, Second series, 32, 36I, 43
Gaiak:
Etiketak: Etiketa erantsi
Etiketarik gabe, Izan zaitez lehena erregistro honi etiketa jartzen!

MARC

LEADER 00000nam a2200000 a 4500
001 UCJ5714
003 CL-VaPUC
008 070124e19130000UK |||||||||||||||||eng|d
082 0 4 |a 910.4  |b COR  |2 21 
100 0 |a Corney, Bolton Glanvill  |e author  |9 511306 
245 1 4 |a The quest and occupation of Tahiti by emissaires of Spain during the years 1772-1776. Told in despatches and other contemporary documents: Translated into english and compiled, with notes and an Introduction by Bolton Glanvill Corney. Volume I {Volume II, Volume III} 
250 |a 1a. ed 
300 |a 3 v 
942 |c BK 
945 |d 20070124 00:00:00  |a rinostro 
260 |a Londres  |b Hakluyt Society  |c 1913 
500 |a Front. v. 1, retrato de Carlos II de España; id v. 2, retrato de Virrey Manuel de Amat; id v. 3, retrato del Rey tahitiano O Tu Nui E-A-A I Te Atua. Mapas e ilustraciones de los tres volúmenes, conforme a lo señalado en índices 
600 0 |a Amat y Junyent, Manuel de  |9 446619 
600 0 7 |a HUNT, ANTHONY  |2 CL-VaPUC  |9 511307 
600 0 7 |a PUIG, JOSEF  |2 CL-VaPUC  |9 511308 
600 0 7 |a BOENECHEA, DOMINGO  |2 CL-VaPUC  |9 511309 
600 0 7 |a BONACORSI, RAIMUNDO  |2 CL-VaPUC  |9 511310 
600 0 7 |a AMICH, JOSEPH  |2 CL-VaPUC  |9 511311 
600 0 7 |a GAYANGOS, THOMAS  |2 CL-VaPUC  |9 511312 
600 0 7 |a ANDIA Y VARELA, JOSE  |2 CL-VaPUC  |9 511313 
600 0 7 |a RODRIGUEZ, MAXIMO  |2 CL-VaPUC  |9 511314 
650 0 |a Viajes  |9 257115 
650 0 |a Colonización española  |9 256592 
650 0 |a Descubrimientos geográficos  |9 331933 
650 0 |a Correspondencia  |9 258963 
650 7 |a DOCUMENTOS  |2 CL-VaPUC  |9 366450 
650 0 |a Aborígenes  |9 329972 
650 0 |a Cultura  |9 269059 
650 7 |a GLOSARIO TAHITIANO INGLES  |2 CL-VaPUC  |9 511315 
650 0 |a Misioneros  |9 324171 
650 0 |a Franciscanos   |9 267404 
650 0 |a Mapas  |9 260844 
650 0 |a Iconografía   |9 267998 
650 0 |a Ilustraciones  |9 369481 
651 7 |a PASCUA  |2 CL-VaPUC  |9 511316 
651 7 |a ISLAS FALKLAND  |2 CL-VaPUC  |9 504572 
651 7 |a TAHITI  |2 CL-VaPUC  |9 266824 
651 0 |a Valparaíso, Chile  |9 261144 
583 |a last modification  |c 20070124 00:00:00  |k Rodrigo Vera 
490 0 |a Hakluyt Society, Second series, 32, 36I, 43 
999 |c 321823  |d 321821 
952 |0 0  |1 0  |4 0  |6 910_400000000000000_COR_1913  |7 0  |8 X  |9 400681  |a FDOBUD  |b FDOBUD  |d 2019-11-22  |h v.1  |i 1038354  |o 910.4 COR 1913  |p 1038354  |r 2019-11-22  |w 2019-11-22  |y BK_X  |k BUD 
952 |0 0  |1 0  |4 0  |6 910_400000000000000_COR_1913  |7 0  |8 X  |9 400682  |a FDOBUD  |b FDOBUD  |d 2019-11-22  |h v.2  |i 1038362  |o 910.4 COR 1913  |p 1038362  |r 2019-11-22  |w 2019-11-22  |y BK_X  |k BUD 
952 |0 0  |1 0  |4 0  |6 910_400000000000000_COR_1913  |7 0  |8 X  |9 400683  |a FDOBUD  |b FDOBUD  |d 2019-11-22  |h v.3  |i 1038370  |o 910.4 COR 1913  |p 1038370  |r 2019-11-22  |w 2019-11-22  |y BK_X  |k BUD